00798 2200193 4500001002100000005001500021035002000036245019200056100001600248250002000264300005000284856002800334700013200362260004600494082000800540084001400548020002200562650002000584INLIS00000000114845920260526092804 a0010-05260001361 aAKTIVITAS SERU MEWARNAI HEWAN LIAR /cPenulis: Angela Ruby, Penyunting: Fira Husaini, Pemeriksa Aksara: Kak Jannah, Penata Aksara: Felina. Perupa Sampul: Freepik, Perancang Sampul: Felina0 aAngela Ruby aCetakan Pertama a32 halaman :bIlustrasi ;c20 x 27 cmeKertas aPerpustakaan Keliling 20 aPenyunting: Fira Husaini, Pemeriksa Aksara: Kak Jannah, Penata Aksara: Felina. Perupa Sampul: Freepik, Perancang Sampul: Felina aYogyakarta :bANAK HEBAT INDONESIA,c2024 a397 a397 ANG a a978-623-164-673-6 4aCHILDRENS BOOKS